000 00405nam a22001577a 4500
003 macl
005 20200828161527.0
008 200828b xxu||||| |||| 00| 0 eng d
040 _cmacl
082 _a510
100 _aGuider
_979384
245 _a50 प्रैैक्टिस सेट्स गणित
260 _aमेरठ
_bGuider
650 _aगणित
_979401
942 _2ddc
_cHIN
999 _c62997
_d62997